000 00491nam a2200181Ia 4500
001 9255
005 20260306160710.0
008 260306t2005||||xx |||||||||||||| ||spa||
041 _aESP
082 _a378.0021
_bU61A 2004
100 _aUniversidad Inca Garcilaso de la Vega
_eAUT
245 0 _aAnuario estadístico 2004:
_bDirección universitaria de planificación
260 _c2005
300 _a264 páginas :
_c30 cm.
650 _aGEN
654 _aCED
942 _cLIB
_dJUS
_fJUS
_2ddc
_n
999 _c9255
_d9255